00601 2200205 4500001002100000005001500021035002000036008004100056245002700097100001600124250000600140260003800146300001200184084001400196082000800210650001000218520014300228990001200371990001200383INLIS00000000000091020240603091954 a0010-0524000145240603 1 ind 1 aRasa Ini /cAri Keling aKeling, Ari a1 aYogyakarta :bSheila/ Andi,c2014 a182 hlm a813 ARI r a813 4aFiksi aYang aku tahu, hatiku tidak berada pada tempatnya ketika kamu hilang, lantas dunia menjadi sepi, serta bumi pun seperti tidak berpenghuni. a0741422 a0741423